00541nam a2200193 a 4500001001300000003000900013005001700022008004100039020001000080082001600090100002000106245008100126260002900207300000900236500003500245505002000280650002700300700002000327nice12345678IN_TiNIC20260116011633.0050524s1968 lona grp 000 0 eng  ac10000a222.15bCLE aClement, Ronald aGod`s Chosen Peopleb a Theological Interpretation of the Book of Deuteronom aLondonbScm Press c1968 a126p aincludes index and biblioraphy2 aIndex of author aDeuteronomy-Commentary1 aClement, Ronald